000 01786nam a2200397 c 4500
999 _c55597
_d55597
003 BLK
005 20201203162957.0
008 180408b bul|||||r ||||||| ||bul||
010 _aKNG00059565000
020 _a954-739-707-9
040 _aBLK
041 _aBUL
_cBUL
080 _aТеория и философия на религията. Същност на религията. Явлението религия
_b2-1
_z2-1
080 _aХристиянски църкви и деноминации
_b271/279
_z271/279
080 _aПартии и движения с религиозно схващане
_b329.3
_x:2
_z329.3:2
100 1 _aРутвен, Мализ
_eпърви автор
_9117874
139 _aРутвен, Мализ
_bР 96
245 1 0 _aФундаментализмът
_bВ търсене на смисъла
_cМализ Рутвен; прев. от англ. Христо Атанасов.
257 _aUSA
260 _bЗахарий Стоянов
_c2006
_fСофия : УИ Св. Кл. Охридски
300 _a287 с.
_c17 см
380 _a2
490 1 _aПоредица История и човек
500 _aБез сведение за ориг. загл. - Офс. изд. - Библиогр. с. 281-286
504 _a281-286
650 4 _aФанатизъм, религиозен
_9175140
650 4 _aФундаментализъм
_9176220
653 _aфундаментализъм
653 _aрелигиозен фанатизъм
700 1 _aАтанасов, Христо
_eпрев. от англ.
_9369169
852 _aЦб І 32017
856 4 _qpdf
856 4 _qpdf
942 _cKNG
_n0
_01
_s1
944 _aCR
_c25.05.2006
_kЛюдмила_Стоянова
944 _aED
_c07.01.2008
999 _d55597